A carregar...
Modern political systems: Europe
| Autor principal: | |
|---|---|
| Formato: | Printed Book |
| Publicado em: |
:
Prentice hall
1983
|
| LEADER | 00367nam a22001097a 4500 | ||
|---|---|---|---|
| 082 | |a 320.094 |b MAC.M | ||
| 100 | |a Macridis. Roy C | ||
| 245 | |a Modern political systems: Europe | ||
| 260 | |a : |b Prentice hall |c 1983 | ||
| 942 | |c BK | ||
| 999 | |c 17645 |d 17645 | ||
| 952 | |0 0 |1 0 |4 0 |6 320_094000000000000_MAC_M |7 0 |9 20051 |a CAMPUS |b CAMPUS |d 2017-09-11 |l 0 |o 320.094 MAC.M |p 03841 |r 2017-09-11 |w 2017-09-11 |y BK | ||